<?xml version="1.0" encoding="UTF-8"?>
<marc:record xmlns:marc="http://www.loc.gov/MARC21/slim" type="Bibliographic">
   <marc:leader>00000pam a2200000 c 4500</marc:leader>
   <marc:controlfield tag="001">1085664716</marc:controlfield>
   <marc:controlfield tag="003">DE-101</marc:controlfield>
   <marc:controlfield tag="005">20171202172635.0</marc:controlfield>
   <marc:controlfield tag="007">tu</marc:controlfield>
   <marc:controlfield tag="008">160304s2016    gw ||||| |||| 00||||ger  </marc:controlfield>
   <marc:datafield ind1=" " ind2=" " tag="015">
      <marc:subfield code="a">16,A48</marc:subfield>
      <marc:subfield code="z">16,N10</marc:subfield>
      <marc:subfield code="2">dnb</marc:subfield>
   </marc:datafield>
   <marc:datafield ind1="7" ind2=" " tag="016">
      <marc:subfield code="2">DE-101</marc:subfield>
      <marc:subfield code="a">1085664716</marc:subfield>
   </marc:datafield>
   <marc:datafield ind1=" " ind2=" " tag="020">
      <marc:subfield code="a">9783402130216</marc:subfield>
      <marc:subfield code="c">Festeinband : EUR 25.50 (AT), EUR 24.80 (DE)</marc:subfield>
      <marc:subfield code="9">978-3-402-13021-6</marc:subfield>
   </marc:datafield>
   <marc:datafield ind1=" " ind2=" " tag="020">
      <marc:subfield code="a">3402130211</marc:subfield>
      <marc:subfield code="9">3-402-13021-1</marc:subfield>
   </marc:datafield>
   <marc:datafield ind1="3" ind2=" " tag="024">
      <marc:subfield code="a">9783402130216</marc:subfield>
   </marc:datafield>
   <marc:datafield ind1="5" ind2="2" tag="028">
      <marc:subfield code="a">Bestellnummer: 13021</marc:subfield>
   </marc:datafield>
   <marc:datafield ind1=" " ind2=" " tag="035">
      <marc:subfield code="a">(DE-599)DNB1085664716</marc:subfield>
   </marc:datafield>
   <marc:datafield ind1=" " ind2=" " tag="035">
      <marc:subfield code="a">(OCoLC)944399840</marc:subfield>
   </marc:datafield>
   <marc:datafield ind1=" " ind2=" " tag="040">
      <marc:subfield code="a">1145</marc:subfield>
      <marc:subfield code="b">ger</marc:subfield>
      <marc:subfield code="c">DE-101</marc:subfield>
      <marc:subfield code="d">9999</marc:subfield>
      <marc:subfield code="e">rda</marc:subfield>
   </marc:datafield>
   <marc:datafield ind1=" " ind2=" " tag="041">
      <marc:subfield code="a">ger</marc:subfield>
   </marc:datafield>
   <marc:datafield ind1=" " ind2=" " tag="044">
      <marc:subfield code="c">XA-DE-NW</marc:subfield>
   </marc:datafield>
   <marc:datafield ind1="0" ind2="4" tag="082">
      <marc:subfield code="8">1\u</marc:subfield>
      <marc:subfield code="a">261.1</marc:subfield>
      <marc:subfield code="q">DE-101</marc:subfield>
      <marc:subfield code="2">22/ger</marc:subfield>
   </marc:datafield>
   <marc:datafield ind1="7" ind2=" " tag="083">
      <marc:subfield code="a">230</marc:subfield>
      <marc:subfield code="a">300</marc:subfield>
      <marc:subfield code="q">DE-101</marc:subfield>
      <marc:subfield code="2">23sdnb</marc:subfield>
   </marc:datafield>
   <marc:datafield ind1=" " ind2=" " tag="085">
      <marc:subfield code="8">1\u</marc:subfield>
      <marc:subfield code="b">261.1</marc:subfield>
   </marc:datafield>
   <marc:datafield ind1=" " ind2=" " tag="090">
      <marc:subfield code="a">b</marc:subfield>
   </marc:datafield>
   <marc:datafield ind1="0" ind2="0" tag="245">
      <marc:subfield code="a">Auf der Suche nach einem neuen Wir</marc:subfield>
      <marc:subfield code="b">theologische Beiträge zu Gemeinschaft und Individualisierung</marc:subfield>
      <marc:subfield code="c">Thomas Dienberg, Thomas Eggensperger, Ulrich Engel (Hrsg.)</marc:subfield>
   </marc:datafield>
   <marc:datafield ind1=" " ind2="1" tag="264">
      <marc:subfield code="a">Münster</marc:subfield>
      <marc:subfield code="b">Aschendorff</marc:subfield>
      <marc:subfield code="c">2016</marc:subfield>
   </marc:datafield>
   <marc:datafield ind1=" " ind2=" " tag="300">
      <marc:subfield code="a">176 Seiten</marc:subfield>
      <marc:subfield code="c">22 cm</marc:subfield>
   </marc:datafield>
   <marc:datafield ind1=" " ind2=" " tag="336">
      <marc:subfield code="a">Text</marc:subfield>
      <marc:subfield code="b">txt</marc:subfield>
      <marc:subfield code="2">rdacontent</marc:subfield>
   </marc:datafield>
   <marc:datafield ind1=" " ind2=" " tag="337">
      <marc:subfield code="a">ohne Hilfsmittel zu benutzen</marc:subfield>
      <marc:subfield code="b">n</marc:subfield>
      <marc:subfield code="2">rdamedia</marc:subfield>
   </marc:datafield>
   <marc:datafield ind1=" " ind2=" " tag="338">
      <marc:subfield code="a">Band</marc:subfield>
      <marc:subfield code="b">nc</marc:subfield>
      <marc:subfield code="2">rdacarrier</marc:subfield>
   </marc:datafield>
   <marc:datafield ind1="2" ind2="7" tag="610">
      <marc:subfield code="0">(DE-588)2009545-4</marc:subfield>
      <marc:subfield code="0">https://d-nb.info/gnd/2009545-4</marc:subfield>
      <marc:subfield code="0">(DE-101)004691792</marc:subfield>
      <marc:subfield code="a">Katholische Kirche</marc:subfield>
      <marc:subfield code="9">rswk-swf</marc:subfield>
      <marc:subfield code="2">gnd</marc:subfield>
   </marc:datafield>
   <marc:datafield ind1=" " ind2="7" tag="650">
      <marc:subfield code="0">(DE-588)4020015-2</marc:subfield>
      <marc:subfield code="0">https://d-nb.info/gnd/4020015-2</marc:subfield>
      <marc:subfield code="0">(DE-101)040200159</marc:subfield>
      <marc:subfield code="a">Gemeinschaft</marc:subfield>
      <marc:subfield code="9">rswk-swf</marc:subfield>
      <marc:subfield code="2">gnd</marc:subfield>
   </marc:datafield>
   <marc:datafield ind1=" " ind2="7" tag="650">
      <marc:subfield code="0">(DE-588)4161542-6</marc:subfield>
      <marc:subfield code="0">https://d-nb.info/gnd/4161542-6</marc:subfield>
      <marc:subfield code="0">(DE-101)041615425</marc:subfield>
      <marc:subfield code="a">Individualisierung</marc:subfield>
      <marc:subfield code="9">rswk-swf</marc:subfield>
      <marc:subfield code="2">gnd</marc:subfield>
   </marc:datafield>
   <marc:datafield ind1=" " ind2="7" tag="650">
      <marc:subfield code="0">(DE-588)4137185-9</marc:subfield>
      <marc:subfield code="0">https://d-nb.info/gnd/4137185-9</marc:subfield>
      <marc:subfield code="0">(DE-101)041371852</marc:subfield>
      <marc:subfield code="a">Pluralistische Gesellschaft</marc:subfield>
      <marc:subfield code="9">rswk-swf</marc:subfield>
      <marc:subfield code="2">gnd</marc:subfield>
   </marc:datafield>
   <marc:datafield ind1=" " ind2="7" tag="650">
      <marc:subfield code="0">(DE-588)4043726-7</marc:subfield>
      <marc:subfield code="0">https://d-nb.info/gnd/4043726-7</marc:subfield>
      <marc:subfield code="0">(DE-101)040437264</marc:subfield>
      <marc:subfield code="a">Orden</marc:subfield>
      <marc:subfield code="9">rswk-swf</marc:subfield>
      <marc:subfield code="2">gnd</marc:subfield>
   </marc:datafield>
   <marc:datafield ind1=" " ind2="7" tag="650">
      <marc:subfield code="0">(DE-588)4020015-2</marc:subfield>
      <marc:subfield code="0">https://d-nb.info/gnd/4020015-2</marc:subfield>
      <marc:subfield code="0">(DE-101)040200159</marc:subfield>
      <marc:subfield code="a">Gemeinschaft</marc:subfield>
      <marc:subfield code="9">rswk-swf</marc:subfield>
      <marc:subfield code="2">gnd</marc:subfield>
   </marc:datafield>
   <marc:datafield ind1=" " ind2="7" tag="650">
      <marc:subfield code="0">(DE-588)4161542-6</marc:subfield>
      <marc:subfield code="0">https://d-nb.info/gnd/4161542-6</marc:subfield>
      <marc:subfield code="0">(DE-101)041615425</marc:subfield>
      <marc:subfield code="a">Individualisierung</marc:subfield>
      <marc:subfield code="9">rswk-swf</marc:subfield>
      <marc:subfield code="2">gnd</marc:subfield>
   </marc:datafield>
   <marc:datafield ind1=" " ind2="7" tag="650">
      <marc:subfield code="0">(DE-588)4030005-5</marc:subfield>
      <marc:subfield code="0">https://d-nb.info/gnd/4030005-5</marc:subfield>
      <marc:subfield code="0">(DE-101)040300056</marc:subfield>
      <marc:subfield code="a">Katholische Theologie</marc:subfield>
      <marc:subfield code="9">rswk-swf</marc:subfield>
      <marc:subfield code="2">gnd</marc:subfield>
   </marc:datafield>
   <marc:datafield ind1=" " ind2=" " tag="653">
      <marc:subfield code="a">(Produktform)Book</marc:subfield>
   </marc:datafield>
   <marc:datafield ind1=" " ind2=" " tag="653">
      <marc:subfield code="a">(VLB-WN)1542: Hardcover, Softcover / Religion, Theologie/Christentum</marc:subfield>
   </marc:datafield>
   <marc:datafield ind1=" " ind2="7" tag="655">
      <marc:subfield code="0">(DE-588)1071861417</marc:subfield>
      <marc:subfield code="0">https://d-nb.info/gnd/1071861417</marc:subfield>
      <marc:subfield code="0">(DE-101)1071861417</marc:subfield>
      <marc:subfield code="a">Konferenzschrift</marc:subfield>
      <marc:subfield code="y">2015</marc:subfield>
      <marc:subfield code="z">Hamburg</marc:subfield>
      <marc:subfield code="2">gnd-content</marc:subfield>
   </marc:datafield>
   <marc:datafield ind1=" " ind2="7" tag="655">
      <marc:subfield code="0">(DE-588)4016928-5</marc:subfield>
      <marc:subfield code="0">https://d-nb.info/gnd/4016928-5</marc:subfield>
      <marc:subfield code="0">(DE-101)040169286</marc:subfield>
      <marc:subfield code="a">Festschrift</marc:subfield>
      <marc:subfield code="2">gnd-content</marc:subfield>
   </marc:datafield>
   <marc:datafield ind1="0" ind2="0" tag="689">
      <marc:subfield code="0">(DE-588)4020015-2</marc:subfield>
      <marc:subfield code="0">https://d-nb.info/gnd/4020015-2</marc:subfield>
      <marc:subfield code="0">(DE-101)040200159</marc:subfield>
      <marc:subfield code="D">s</marc:subfield>
      <marc:subfield code="a">Gemeinschaft</marc:subfield>
   </marc:datafield>
   <marc:datafield ind1="0" ind2="1" tag="689">
      <marc:subfield code="0">(DE-588)4161542-6</marc:subfield>
      <marc:subfield code="0">https://d-nb.info/gnd/4161542-6</marc:subfield>
      <marc:subfield code="0">(DE-101)041615425</marc:subfield>
      <marc:subfield code="D">s</marc:subfield>
      <marc:subfield code="a">Individualisierung</marc:subfield>
   </marc:datafield>
   <marc:datafield ind1="0" ind2="2" tag="689">
      <marc:subfield code="0">(DE-588)4137185-9</marc:subfield>
      <marc:subfield code="0">https://d-nb.info/gnd/4137185-9</marc:subfield>
      <marc:subfield code="0">(DE-101)041371852</marc:subfield>
      <marc:subfield code="D">s</marc:subfield>
      <marc:subfield code="a">Pluralistische Gesellschaft</marc:subfield>
   </marc:datafield>
   <marc:datafield ind1="0" ind2="3" tag="689">
      <marc:subfield code="0">(DE-588)2009545-4</marc:subfield>
      <marc:subfield code="0">https://d-nb.info/gnd/2009545-4</marc:subfield>
      <marc:subfield code="0">(DE-101)004691792</marc:subfield>
      <marc:subfield code="D">b</marc:subfield>
      <marc:subfield code="a">Katholische Kirche</marc:subfield>
   </marc:datafield>
   <marc:datafield ind1="0" ind2="4" tag="689">
      <marc:subfield code="0">(DE-588)4043726-7</marc:subfield>
      <marc:subfield code="0">https://d-nb.info/gnd/4043726-7</marc:subfield>
      <marc:subfield code="0">(DE-101)040437264</marc:subfield>
      <marc:subfield code="D">s</marc:subfield>
      <marc:subfield code="a">Orden</marc:subfield>
   </marc:datafield>
   <marc:datafield ind1="0" ind2=" " tag="689">
      <marc:subfield code="5">DE-101</marc:subfield>
      <marc:subfield code="5">DE-101</marc:subfield>
   </marc:datafield>
   <marc:datafield ind1="1" ind2="0" tag="689">
      <marc:subfield code="0">(DE-588)4020015-2</marc:subfield>
      <marc:subfield code="0">https://d-nb.info/gnd/4020015-2</marc:subfield>
      <marc:subfield code="0">(DE-101)040200159</marc:subfield>
      <marc:subfield code="D">s</marc:subfield>
      <marc:subfield code="a">Gemeinschaft</marc:subfield>
   </marc:datafield>
   <marc:datafield ind1="1" ind2="1" tag="689">
      <marc:subfield code="0">(DE-588)4161542-6</marc:subfield>
      <marc:subfield code="0">https://d-nb.info/gnd/4161542-6</marc:subfield>
      <marc:subfield code="0">(DE-101)041615425</marc:subfield>
      <marc:subfield code="D">s</marc:subfield>
      <marc:subfield code="a">Individualisierung</marc:subfield>
   </marc:datafield>
   <marc:datafield ind1="1" ind2="2" tag="689">
      <marc:subfield code="0">(DE-588)4030005-5</marc:subfield>
      <marc:subfield code="0">https://d-nb.info/gnd/4030005-5</marc:subfield>
      <marc:subfield code="0">(DE-101)040300056</marc:subfield>
      <marc:subfield code="D">s</marc:subfield>
      <marc:subfield code="a">Katholische Theologie</marc:subfield>
   </marc:datafield>
   <marc:datafield ind1="1" ind2=" " tag="689">
      <marc:subfield code="5">DE-101</marc:subfield>
      <marc:subfield code="5">DE-101</marc:subfield>
   </marc:datafield>
   <marc:datafield ind1="1" ind2=" " tag="700">
      <marc:subfield code="0">(DE-588)115761659</marc:subfield>
      <marc:subfield code="0">https://d-nb.info/gnd/115761659</marc:subfield>
      <marc:subfield code="0">(DE-101)115761659</marc:subfield>
      <marc:subfield code="a">Dienberg, Thomas</marc:subfield>
      <marc:subfield code="d">1964-</marc:subfield>
      <marc:subfield code="e">Herausgeber</marc:subfield>
      <marc:subfield code="4">edt</marc:subfield>
      <marc:subfield code="2">gnd</marc:subfield>
   </marc:datafield>
   <marc:datafield ind1="2" ind2=" " tag="710">
      <marc:subfield code="0">(DE-588)2005193-1</marc:subfield>
      <marc:subfield code="0">https://d-nb.info/gnd/2005193-1</marc:subfield>
      <marc:subfield code="0">(DE-101)004655028</marc:subfield>
      <marc:subfield code="a">Aschendorffsche Verlagsbuchhandlung</marc:subfield>
      <marc:subfield code="e">Verlag</marc:subfield>
      <marc:subfield code="4">pbl</marc:subfield>
      <marc:subfield code="2">gnd</marc:subfield>
   </marc:datafield>
   <marc:datafield ind1=" " ind2=" " tag="850">
      <marc:subfield code="a">DE-101a</marc:subfield>
      <marc:subfield code="a">DE-101b</marc:subfield>
   </marc:datafield>
   <marc:datafield ind1="4" ind2="2" tag="856">
      <marc:subfield code="m">B:DE-101</marc:subfield>
      <marc:subfield code="q">application/pdf</marc:subfield>
      <marc:subfield code="u">https://d-nb.info/1085664716/04</marc:subfield>
      <marc:subfield code="3">Inhaltsverzeichnis</marc:subfield>
   </marc:datafield>
   <marc:datafield ind1="r" ind2=" " tag="925">
      <marc:subfield code="a">ra</marc:subfield>
   </marc:datafield>
   <marc:datafield ind1="1" ind2=" " tag="926">
      <marc:subfield code="a">QRM</marc:subfield>
      <marc:subfield code="o">93</marc:subfield>
      <marc:subfield code="q">Publisher</marc:subfield>
      <marc:subfield code="v">1.1</marc:subfield>
      <marc:subfield code="x">Christentum</marc:subfield>
   </marc:datafield>
</marc:record>
